000 00881nam a2200265 a 4500
001 BRL_1532
005 20190320211241.0
008 180214s1972----au-ao#####---#000-0#ger-#
020 _a3205080777
041 _ager
_heng
044 _agw
050 4 _aGT1747
_b.S36 1972
100 1 _aSchmidt, Leopold
_d1912-1981
_927191
245 1 0 _aPerchtenmasken in Österreich = Carved custom masks of the Austrian Alps
_cLeopold Schmidt ; mit 59 aufnahmen von Dorothea Broessler.
260 _aWien
_bHermann Böhlaus Nachf
_c1972
300 _a151 p.
_bil., fotografía (blanco y negro)
_c20 cm.
500 _aAu1794
500 _aTexto en: inglés y alemán
504 _aBibliografía: p. 148-[152]
650 1 4 _aMáscaras
_zAustria
_927192
700 1 _aBroessler, Dorothea
_eil.
_927193
740 0 _aCarved custom masks of the Austrian Alps
902 _aGRL
942 _2lcc
_cB
999 _c10341
_d10341